| 000 | 00367nam a22001577a 4500 | ||
|---|---|---|---|
| 003 | SGT | ||
| 020 | _a9789389859812 | ||
| 082 |
_a610.73 _bF21T |
||
| 100 | _aTAYLOR, CAROL | ||
| 245 | _aFUNDAMENTALS OF NURSING VOL-1 | ||
| 250 | _a1ST S.A. | ||
| 260 |
_aINDIA _bWOLTERS KLUWER PUB _c2021 |
||
| 300 | _a420 | ||
| 650 | _aFUNDAMENTALS OF NURSING | ||
| 942 |
_2ddc _cBK _060 |
||
| 999 |
_c21944 _d21944 |
||